000 00329nam a2200133Ia 4500
008 240624s9999 xx 000 0 und d
041 _aeng
082 _a920 TOY
100 _aTOYE HUGH
245 _aSUBHASH CHANDRA BOSE THE SPRINGING TIGER
260 _c2004
_aMumbai
_bJaico Publishing House
300 _axx, : 240
365 _cRS
999 _c747
_d747